000 00836nam a2200181Ia 4500
008 100917s9999 xx 000 0 und d
082 _b37592
100 _aगोळेगावकर श्री. के.
245 _aमोहेन्रजोदरो : लिपी, समाज आणि संस्कृती (पूर्वार्ध)
260 _bश्री. के. गोळेगावकर
_c1975
300 _a198
365 _b40
520 _aनिबंध
630 _aमोहेन्रजोदरो : लिपी, समाज आणि संस्कृती (पूर्वार्ध)
650 _aनिबंध
730 _aमोहेन्रजोदरो : लिपी, समाज आणि संस्कृती (पूर्वार्ध)
942 _cBOOK
999 _c642986
_d642983